[Event "Braunfels SM 2025"]
[Site "?"]
[Date "2025.03.07"]
[Round "3"]
[Board "12"]
[White "van der Riet, Ernst"]
[Black "Kühn, Thomas"]
[Result "1-0"]
[WhiteElo "1785"]
[BlackElo "1590"]
[PlyCount "57"]
[GameId "525877200913"]
[SourceVersionDate "2025.02.08"]

{[%evp 14,57,101,85,83,74,71,64,51,43,59,29,22,16,82,63,75,70,74,75,135,83,157,141,143,134,148,149,141,71,98,46,114,112,121,110,102,91,114,58,100,111,267,269,250,258]} 1. e4 e6 2. d4 d5 3. Nd2 dxe4 4. Nxe4 Bd7 5. Nf3 Bc6 6. Bd3 Bxe4 7. Bxe4 c6 8. c3 Nf6 {C10: Französische Verteidigung (Rubinstein-Variante).} 9. Bd3 Bd6 10. Bg5 Nbd7 {Weiß steht etwas besser.} 11. Qb3 $146 (11. Qe2 Qc7 12. g3 h6 13. Bd2 O-O-O 14. O-O-O Rhe8 15. Bc4 Re7 16. Rhe1 Kb8 17. Bb3 {1-0 Ulusoy,T (1991)-Stertkuhl,E (2048) Regionalliga Nord-Ost 1819 Bayern 2018 (3.3)}) 11... Qc7 12. h3 h6 13. Bd2 b5 {[%eval 82,18]} (13... c5 $11 {[%eval 16,19] hält das Gleichgewicht.}) 14. a4 $16 bxa4 15. Qxa4 O-O 16. O-O {Weiß steht aktiver.} Nb6 {[%eval 135,18] [#]} (16... c5 $142 {[%eval 75,17]}) 17. Qc2 {[%eval 83,18]} (17. Qa5 $142 $1 {[%eval 135,18]}) 17... c5 {[%eval 157,19]} (17... a5 $142 {[%eval 83,18]}) 18. dxc5 Bxc5 19. c4 Rfd8 20. Ba5 {Ein starkes Läuferpaar.} Qe7 21. Qc3 {[%eval 71,17] Lässt Lb4 nicht zu} (21. Rfd1 $142 {[%eval 141,17]}) 21... Rdc8 22. Kh1 {[%eval 46,17]} (22. Ne5 $16 {[%eval 98,17]}) 22... Qb7 {[%eval 114,16]} (22... Bd6 $14 {[%eval 46,17]}) 23. b4 Be7 24. Qb3 Nbd7 25. Qa4 {[%csl Oa5] Starkes Feld Weiß (a5)} Nb6 {[#]} 26. Qb5 {[%eval 58,20]} (26. Qa2 $1 $16 {[%eval 114,20]}) 26... Rab8 {[%eval 100,21]} (26... Nfd7 $14 {[%eval 58,20] verdient Beachtung.}) 27. c5 {[%cal Ob5a6] Weiß hat eine Bauernmehrheit am Damenflügel. Weiß spielt am Damenflügel und steht besser} Nbd7 $2 {[%eval 267,20]} (27... Ne8 $16 {[%eval 111,19] war nötig.}) 28. Qxb7 $18 Rxb7 29. Ba6 {Gewichteter Fehlerwert: Weiß=0.17 (sehr präzise) /Schwarz=0.31  Fehler:       	Weiß=4     	Schwarz=6     Ungenau:       	Weiß=1     	Schwarz=1     OK:         	Weiß=6     	Schwarz=6     Bester:       	Weiß=2     	---} 1-0

[Event "Braunfels SM 2025"]
[Site "?"]
[Date "2025.03.21"]
[Round "4"]
[Board "1"]
[White "Diehl, Andreas"]
[Black "Hilgert, Felix"]
[Result "1/2-1/2"]
[WhiteElo "1948"]
[BlackElo "1840"]
[PlyCount "63"]
[GameId "528333066794"]
[SourceVersionDate "2025.02.08"]

{[%evp 9,63,-40,-17,0,-1,-44,-44,-74,-58,-75,-29,-75,-51,-54,-9,-28,-24,-114,-89,-125,-116,-175,-80,-60,-81,-57,-45,-192,-102,-196,0,-43,-21,-23,-23,-66,-83,-69,-76,-58,-6,-183,-183,-394,-390,-391,-390,-497,-184,-196,-200,-196,-176,-226,-183,-167]} 1. c4 c6 2. Nc3 d5 3. e3 Nf6 4. cxd5 cxd5 5. g3 Bg4 $146 (5... a6 6. Bg2 Nc6 7. Nge2 e5 8. d4 e4 9. O-O Bd6 10. f3 exf3 11. Bxf3 Be6 12. Nf4 Bxf4 13. exf4 {0-1 Salazar Celis,A (1976)-Ramirez Beltran,F (1887) Bogota blitz op 2024 (3)}) 6. Qb3 {A11: Reti-Eröffnung.} Qd7 7. Bg2 {[%eval -44,18]} (7. h3 $11 {[%eval -1,19]} Bf5 8. g4) 7... e6 $1 $15 8. Nge2 {Schwarz steht etwas besser.} Nc6 9. O-O Be7 {[%eval -29,16]} ({Vorzuziehen ist} 9... Bf5 $17 {[%eval -75,17]}) 10. d4 {[%eval -75,18]} (10. d3 $1 $11 {[%eval -29,16]}) 10... O-O 11. f3 Bh5 {[%eval -9,19]} (11... Bf5 $1 $15 {[%eval -54,17] scheint genauer.}) 12. Rd1 Rac8 13. e4 {[%eval -114,16]} (13. Nf4 $11 {[%eval -24,19] hält das Gleichgewicht.}) 13... dxe4 $17 14. fxe4 Rfd8 15. Bg5 {[%eval -175,19]} (15. Bf4 $17 {[%eval -116,18]}) 15... Ng4 {[%eval -80,18]} (15... Na5 $19 {[%eval -175,19] und Schwarz behält klar die Oberhand.} 16. Qc2 b5 (16... Nxe4 17. Qxe4 Bxg5 18. Qe5 $17)) 16. Bxe7 Qxe7 (16... Nxe7 17. Bf3 $11) 17. Qb5 {Verhindert Dg5} Bg6 18. Bf3 {[%eval -192,19]} (18. d5 $1 $15 {[%eval -45,17]} Nce5 19. dxe6) 18... a6 {[%eval -102,20]} (18... Ne3 $19 {[%eval -192,19][%cal Oe7f6]} 19. Rd3 a6) 19. Qa4 {[%eval -196,18]} (19. Qc5 $17 {[%eval -102,20] war angesagt.} Qxc5 20. dxc5) 19... Nf6 $2 {[%eval 0,16]} (19... Ne3 $19 {[%eval -196,18][%cal Oe7f6] Zielt auf ...Df6! ab.} 20. Rd3 b5) 20. a3 {[%eval -43,16]} (20. Rac1 $1 $11 {[%eval 0,16]}) 20... Qc7 21. e5 {[%cal Of3c6] [#]} Nd7 $36 {[%mdl 2048] Schwarz kämpft um Vorteil.} 22. Ne4 {[%eval -66,18]} (22. Qb3 $11 {[%eval -23,19]}) 22... Bxe4 23. Bxe4 Qb6 {[%csl LRb2,LRe5]} 24. Kf1 f6 {[%eval -6,18]} (24... Qxb2 $6 25. Rab1 Nb6 26. Qxc6 $14 (26. Rxb2 Nxa4 27. Rc2 Na5 $17)) (24... Rf8 $1 $15 {[%eval -58,17]}) 25. d5 $2 {[%eval -183,19]} (25. Nf4 $11 {[%eval -6,18] und Weiss muss sich keine Sorgen machen.}) 25... Nc5 $19 26. Qc2 {[%eval -394,17]} (26. Bxh7+ {[%eval -183,18] war die einzige Verteidigung.} Kxh7 27. Qc2+ (27. Qh4+ $2 Kg8 $19) 27... f5 28. dxc6) 26... Nxe5 27. Bxh7+ Kh8 {[#]} 28. Nf4 f5 $2 {[%eval -184,17]} (28... Nb3 {[%eval -497,17]} 29. Qe2 Kxh7 30. Nxe6 Nxa1 31. Nxd8 Qxd8 (31... Rxd8 $2 32. Rxa1 g6 33. Rd1 $19) 32. Qe4+ g6) 29. Ng6+ {Schwarz steht deutlich besser.} (29. dxe6 $2 Ncd3 (29... Kxh7 $2 30. Qxf5+ Kg8 31. Qxe5 $18) 30. Qe2 Qc6 $19 (30... Nxb2 $2 31. Rxd8+ Qxd8 32. Qh5 $18) (30... Kxh7 31. Rxd3 Nxd3 32. Qh5+ Kg8 33. Qf7+ Kh8 34. Qh5+ Kg8 35. Qf7+ Kh8 36. Qh5+ Kg8 $11)) 29... Nxg6 30. Bxg6 {Schwarz muss nun De2 beachten.} exd5 (30... Rxd5 31. Rxd5 exd5 32. Qxf5 $18) ({Minderwertig wäre} 30... Nb3 31. Qe2 Qb5 (31... exd5 32. Qh5+ Kg8 33. Rd3 $18) 32. dxe6 (32. Qxb5 axb5 33. dxe6 Nxa1 $18) 32... Qxe2+ (32... Nxa1 $2 {geht unter.} 33. Rxd8+ Rxd8 34. Qxb5 $18) 33. Kxe2 Nd4+ (33... Nxa1 $2 34. Rxd8+ Rxd8 35. e7 $18) 34. Kf2 (34. Kf1 Nxe6 35. Rxd8+ Rxd8 $18) 34... Nxe6 (34... Rc2+ 35. Kf1 $16) 35. Rxd8+ (35. Bxf5 Rf8 $17) 35... Rxd8 36. Ke3 $18 (36. Bxf5 $2 Rf8 $19)) 31. Bf7 {[%eval -226,19]} (31. Bxf5 $142 {[%eval -176,20]} Rc6 32. Qe2) 31... Ne4 {Gewichteter Fehlerwert: Weiß=0.50/Schwarz=0.38} 32. Qe2 {Verlustzug:     	Weiß=1     	---        Gewinn verpasst:   	---       	Schwarz=1     Fehler:       	Weiß=10    	Schwarz=6     Ungenau:       	Weiß=2     	---        OK:         	Weiß=3     	Schwarz=7     Bester:       	Weiß=4     	Schwarz=4     Stark:        	---       	Schwarz=1} 1/2-1/2

[Event "Braunfels SM 2025"]
[Site "?"]
[Date "2025.03.21"]
[Round "4"]
[Board "2"]
[White "Stelter, Kai"]
[Black "Stehning, Michel"]
[Result "1-0"]
[WhiteElo "1294"]
[BlackElo "1660"]
[PlyCount "105"]
[GameId "528331060405"]
[SourceVersionDate "2025.02.08"]

{[%evp 9,104,86,76,63,58,48,54,33,40,26,13,0,3,0,-7,-38,-39,-71,-47,-80,-21,-37,-46,-60,42,51,50,-40,30,-8,-12,-35,-19,-46,-24,-15,0,0,2,4,137,153,153,137,145,63,169,175,199,175,180,64,158,149,192,175,165,161,240,232,286,230,301,312,308,307,360,367,374,375,448,449,634,658,812,807,897,863,982,921,1014,961,1042,954,1008,988,1394,1230,1707,1708,29981,29982,29990,29987,29994,29994,29999]} 1. e4 c6 2. d4 d5 3. e5 c5 4. Nf3 cxd4 5. Qxd4 Nc6 {[%cal Bb8c6,Bc6b4,Bb4d3][%mdl 32]} 6. Qf4 {Weiß steht aktiver. B12: Caro-Kann (Vorstoß-Variante).} e6 7. Bd3 Nb4 8. Bd2 {Weiß steht etwas besser.} Nxd3+ 9. cxd3 Ne7 10. Ng5 $146 (10. Nc3 Bd7 11. h4 h6 12. h5 Rc8 13. Nd4 Qb6 14. O-O g5 15. hxg6 Nxg6 16. Qe3 {0-1 Kosakowski,J (2479)-Tabatabaei,M (2692) Wch Rapid Samarkand 2023 (5)}) 10... Nf5 11. g4 Nh6 12. Bc3 Be7 13. h4 Bd7 14. Nd2 {[%cal Bb1d2,Bd2b3,Bb3d4][%mdl 32]} Bb5 {[%eval -21,16]} (14... O-O $17 {[%eval -80,17]} 15. Ndf3 Qb8) 15. Rh3 (15. Ke2 O-O 16. Ndf3 f5 17. exf6 Bxf6 18. Qb4) 15... Rc8 16. Nb3 Rc7 {[%eval 42,18]} (16... O-O $15 {[%eval -60,18]}) 17. Nd4 $14 Bd7 18. Ke2 {[%eval -40,17]} (18. Kf1 $14 {[%eval 50,19]}) 18... Qc8 {[%eval 30,17]} (18... O-O $15 {[%eval -40,17]}) 19. Rg1 {[%eval -8,16]} (19. Ngf3 {[%eval 30,17] kam in Betracht.}) 19... O-O 20. Ngf3 (20. Rf3 {hält die Spannung aufrecht.} b6 21. Re3 a5 22. Rgg3) 20... f6 {[#]} 21. Qe3 $1 Nf7 22. g5 $1 fxe5 23. Nxe5 Nxe5 24. Qxe5 Bd6 {[%eval 137,17]} 25. Qxd6 $16 e5 {[%cal Oe5d4] [#]} 26. Qxd5+ Kh8 {[%cal Oe5d4] Und jetzt ...exd4! wäre schön.} 27. Re3 {[%eval 63,15]} (27. Rf3 $16 {[%eval 145,18]} Rd8 28. Qxe5) 27... exd4 {[%eval 169,15]} (27... Rc5 $1 $14 {[%eval 63,15]} 28. Qd6 Rd8) 28. Qxd4 $40 {[%csl Gc3][%cal Rd4g7][%mdl 128] Weiss geht auf den König.} Be8 29. f3 {[%cal Og5g6]} (29. Qxa7 $6 Bh5+ 30. Kf1 Rf5) 29... Bh5 30. Kf2 {[%eval 64,17]} (30. Qxa7 $6 Qh3 31. Kd1 Qxh4 $16) ({Vorzuziehen ist} 30. Re1 $18 {[%eval 180,16]}) 30... Rd7 {[%eval 158,18]} (30... Qh3 $14 {[%eval 64,17]} 31. Ke1 (31. Qxa7 {ist ein Selbstmatt.} Rxf3+ 32. Ke1 Rxe3+ 33. Kd2 Rxd3+ 34. Kc1 Rdxc3+ 35. Kb1 Bg6+ 36. Ka1 Rc1+ {[%mdl 64] Grundreihe} 37. Rxc1 Rxc1#) 31... Rd7 (31... Rxf3 32. Qd8+) (31... Bxf3 32. Qf4 $14 {[%mdl 64] Grundreihe})) 31. Qc4 (31. Qxa7 Qc6 32. Ke2 (32. Rg3 b6 $11) 32... b6 $16) 31... Qd8 {[%eval 192,18]} (31... Rc7 $16 {[%eval 149,17]} 32. Qb4 Rxf3+ 33. Rxf3 Bxf3) 32. Be5 Qb6 33. f4 Qg6 {[%eval 240,17]} (33... Bf7 $142 {[%eval 161,19]} 34. Qc3 Bh5) 34. d4 {[%cal Bd3d4,Bd4d5,Bd5d6][%mdl 32]} Rdd8 35. Qd3 Qb6 36. d5 Rc8 37. Kg3 Bg6 38. Qd4 Qxd4 39. Bxd4 Rfd8 40. Re7 ({Weniger gut wäre} 40. Bxa7 Rxd5 41. Rge1 Kg8 $18) 40... Rg8 {[%eval 634,17]} (40... Rxd5 $142 {[%eval 449,21]} 41. Rd1 (41. Bxg7+ Kg8 $18) (41. Bxa7 Rd3+ 42. Re3 Rd2 $16) 41... Rcd8 42. Bxg7+ Kg8) 41. d6 Rcd8 42. Be5 Be4 43. Rf1 Rdf8 44. h5 {und h6 wäre nun die Entscheidung} h6 45. gxh6 Re8 46. hxg7+ Kh7 47. Kh4 Rc8 48. f5 Rc4 49. Rf4 Bd5 50. Rxc4 {Weiß setzt Matt.} Bxc4 51. d7 Bxa2 52. Re8 Rh8 {Cool gespielt von Stelter.   Gewichteter Fehlerwert: Weiß=0.23 (präzise) /Schwarz=0.56} 53. gxh8=Q# {Fehler:       	Weiß=4     	Schwarz=9     Ungenau:       	Weiß=2     	Schwarz=1     OK:         	Weiß=7     	Schwarz=8     Bester:       	Weiß=3     	Schwarz=4     Stark:        	Weiß=2     	---} 1-0

[Event "Braunfels SM 2025"]
[Site "?"]
[Date "2025.03.21"]
[Round "4"]
[Board "3"]
[White "Stehning, Toni"]
[Black "Schneider, Christian"]
[Result "1-0"]
[WhiteElo "1884"]
[BlackElo "1579"]
[PlyCount "73"]
[GameId "528333367198"]
[SourceVersionDate "2025.02.08"]

{[%evp 9,73,23,80,39,73,34,43,45,210,202,248,214,207,207,244,139,186,174,284,292,487,491,481,467,467,512,545,543,553,569,569,458,488,391,409,416,450,450,499,485,481,499,598,474,471,449,507,500,511,499,575,560,564,547,508,513,553,553,549,593,586,594,594,518,709,707]} 1. e4 d6 2. d4 Nf6 3. Nc3 g6 4. f4 Bg7 5. Nf3 c6 {[%eval 80,18]} (5... O-O $11 {[%eval 23,17] hält das Gleichgewicht.}) 6. Be3 {[%eval 39,17] B09: Pirc-Ufimzew-Verteidigung (Dreibauernangriff).} ({Günstiger ist} 6. Bd3 $16 {[%eval 80,18]}) 6... Qa5 7. Qd2 {[%eval 34,16]} (7. Bd2 $16 {[%eval 73,17]}) 7... Ng4 8. Bg1 {Weiß steht etwas besser.} e5 $146 {[%eval 210,19]} (8... O-O $14 {[%eval 45,16]}) (8... Na6 9. O-O-O b5 10. Kb1 b4 11. Ne2 Nf6 12. Qd3 Be6 13. Nc1 Nc7 14. Ng5 Bg4 {1-0 Do Valle Cardoso,L (2053)-Da Costa,A (1548) Sao Paulo Carnaval op 2018 (1)}) 9. dxe5 dxe5 10. h3 Nf6 11. Nxe5 {[%cal Bf3e5,Be5c4,Bc4d6][%mdl 32] [#]} (11. fxe5 Nfd7) 11... O-O 12. O-O-O {[%eval 139,19]} (12. Nc4 $18 {[%eval 244,17]} Qc7 13. Bc5) 12... b5 {[%eval 186,18]} (12... Be6 $16 {[%eval 139,19] kämpft weiter.}) 13. Qd6 {[%cal Oa2a4] Zielt auf a4! ab.} b4 {[%eval 284,19]} (13... Be6 $142 {[%eval 174,17]}) 14. Nc4 $18 {[%mdl 64] [#] Ablenkung} (14. Nxc6 Nxc6 15. Nd5 (15. Qxc6 $2 {geht unter.} bxc3 16. Bd4 Qxa2 $19) 15... Nxd5 (15... Nxe4 16. Qxc6 Qxa2 17. Ne7+ Kh8 18. Qxe4 $17) 16. Qxd5 Bxb2+ 17. Kxb2 Qa3+ 18. Kb1 Be6 $19 (18... Rd8 $2 19. Qxd8+ Nxd8 20. Rxd8+ Kg7 21. Bd4+ f6 22. Bc4 $18)) 14... Qa6 {[%eval 487,18] Schwarz hat schwache schwarze Felder} (14... bxc3 {[%eval 292,18]} 15. Qxf8+ (15. Nxa5 cxb2+ 16. Kb1 Nxe4 $16) 15... Kxf8 16. Nxa5 cxb2+ 17. Kxb2 (17. Kb1 Nxe4 $18) 17... Nxe4+ 18. Kc1 Nd7 19. Nxc6 Nc3) 15. Qxb4 Qb7 16. Qxb7 Bxb7 17. Bc5 Nbd7 {[%cal Bb8d7,Bd7f8,Bf8e6,Be6f4][%mdl 32]} 18. Bxf8 Nxf8 19. Nd6 Bc8 20. e5 Nh5 21. Nxc8 Rxc8 22. Ba6 Rb8 23. Rhf1 {Weiß steht klar auf Gewinn.} Ne6 24. Ne2 Bh6 25. g3 {[%cal Bg2g3,Bg3g4][%mdl 32]} g5 26. g4 Nhxf4 27. Nxf4 Nxf4 28. Bc4 Bg7 29. Rd7 Rf8 30. Re1 a5 31. e6 fxe6 32. Bxe6+ Nxe6 33. Rxe6 {KTT-KTL} Rf1+ 34. Kd2 Bxb2 35. Re8+ Rf8 36. Rxf8+ Kxf8 {Weiß übernahm nach der Eröffnung die Kontrolle.   Gewichteter Fehlerwert: Weiß=0.27 (präzise) /Schwarz=0.58} 37. Rxh7 {Verlustzug:     	---       	Schwarz=1     Fehler:       	Weiß=2     	Schwarz=3     Ungenau:       	---       	Schwarz=2     OK:         	Weiß=15    	Schwarz=11    Bester:       	Weiß=3     	---} 1-0

[Event "Braunfels SM 2025"]
[Site "?"]
[Date "2025.03.21"]
[Round "4"]
[Board "4"]
[White "Stehning, Ralf"]
[Black "Ewin, Hans-Peter"]
[Result "1/2-1/2"]
[WhiteElo "1828"]
[BlackElo "1673"]
[PlyCount "72"]
[GameId "528327814197"]
[SourceVersionDate "2025.02.08"]

{[%evp 11,72,-7,12,-239,38,-4,25,25,82,23,43,25,29,22,54,43,92,99,127,120,99,102,128,29,22,-30,-21,-21,32,33,108,87,92,117,119,113,112,0,-17,-20,10,-6,-7,-1,-8,-2,8,0,3,-6,-8,-10,-4,-5,-19,-8,100,98,89,0,0,5,5]} 1. e4 e5 2. Nf3 Nc6 3. Bc4 Nf6 4. d3 d5 5. exd5 Nxd5 6. Ng5 f6 7. Qf3 $2 {[%eval -239,18][%mdl 8192] [#] C57: Zweispringerspiel (Fritz-Variante).} (7. Nc3 $1 $11 {[%eval 12,19] und Weiss steht sicher.} Bb4 8. Nge4) 7... Nce7 $2 {[%eval 38,18]} (7... Nd4 $1 $19 {[%eval -239,18][%cal Rd4f3]} 8. Qxd5 Nxc2+ 9. Kd1 Qxd5 (9... Nxa1 10. Qf7#) 10. Bxd5 Nxa1) 8. Ne4 {[%eval -4,19]} (8. Nc3 $1 $14 {[%eval 38,18]} c6 9. Nge4) 8... c6 9. Nbc3 {Weiß hat minimalen Vorteil.} Nxc3 $146 {[%eval 82,15]} (9... h5 $11 {[%eval 25,17]}) (9... b5 10. Bb3 a5 11. a4 b4 12. Ne2 h5 13. c4 Bg4 14. Nxf6+ gxf6 15. Qe4 Qd6 16. cxd5 {1-0 Lopez Galiano,S (1497)-Lari,R (1720) Barcelona La Lira-C 15th 2012 (8)}) 10. Nxc3 {[%eval 23,18]} (10. Qh5+ $16 {[%eval 82,15]} Ng6 11. bxc3) 10... Nf5 $11 11. Be3 Bb4 {[%cal Bf8b4,Bb4a5,Ba5b6][%mdl 32]} 12. O-O {Eine scharfe Eröffnung} Qe7 13. Ne4 h5 {[%eval 92,17]} (13... Nxe3 $14 {[%eval 43,18]} 14. Qxe3 Bg4) 14. c3 $16 {Weiß hat aktiveres Spiel.} Nxe3 15. Qxe3 Ba5 16. d4 Bb6 {[#]} 17. Qg3 {[%eval 29,20]} (17. a4 $1 $16 {[%eval 128,17]}) 17... Bf5 $11 18. Rfe1 {[%eval -30,17]} (18. Rae1 $142 {[%eval 22,20]} O-O-O (18... exd4 19. Nd6+ {[%csl Oe7][%mdl 64] Abzugsangriff, Doppelangriff} Kd8 20. Rxe7 Bg4 21. Nxb7+ Kxe7 22. Qd6+ Ke8 23. Re1+) 19. dxe5 Qxe5 20. Qxe5 fxe5 21. Ng5) 18... O-O-O (18... exd4 19. Nd6+ Kf8 20. Rxe7 (20. Nxf5 Qc7 $18) 20... Bg4 21. Rf7+ (21. Rxb7 Rh6 $18) 21... Kg8 22. Rxf6+ Kh7 23. Qd3+) 19. a4 {[%cal Ba2a4,Ba4a5][%mdl 32]} h4 {[%eval 32,18]} (19... Bc7 $11 {[%eval -21,19]} 20. Nc5 e4) 20. Qf3 $14 Be6 {[%eval 108,18]} (20... g6 $14 {[%eval 33,16]}) 21. Bxe6+ $16 Qxe6 22. a5 Bc7 23. Nc5 Qd5 24. Qxd5 {[%eval -17,18]} (24. Qg4+ $16 {[%eval 112,18]} Kb8 25. Ne6 (25. Qxg7 $2 Rhg8 $19 {[%mdl 64] Spiess})) 24... Rxd5 $11 25. a6 b6 26. Ne6 $132 {[%cal Bc5e6,Be6d4,Bd4f5,Bf5e3,Be3g4,Bg4f6][%mdl 2080] Weiss hält sich nicht zurück} exd4 27. Nxd4 Kd7 28. Rad1 {Schwarz muss nun c4 beachten.} Be5 29. Nf5 g6 30. Ne3 {[%mdl 64] Fesselung} Rxd1 31. Rxd1+ {[%mdl 4096] Endspiel KTL-KTS} Kc7 32. Ng4 Re8 33. Kf1 Bf4 {[%eval 100,20]} (33... Re6 $11 {[%eval -8,22] hält das Gleichgewicht.}) 34. Nxf6 $16 Re7 35. g3 {[%eval 5,22]} ({Günstiger ist} 35. Rd4 $16 {[%eval 89,21]} Bc1 36. b3 (36. Rxh4 Bg5 $11)) 35... hxg3 $1 $11 36. hxg3 {Gewichteter Fehlerwert: Weiß=0.44/Schwarz=0.36} Bxg3 {Gewinn verpasst:   	---       	Schwarz=1     Fehler:       	Weiß=6     	Schwarz=5     Ungenau:       	---       	Schwarz=3     OK:         	Weiß=11    	Schwarz=12    Bester:       	Weiß=4     	Schwarz=2     Stark:        	---       	Schwarz=1} 1/2-1/2

[Event "Braunfels SM 2025"]
[Site "?"]
[Date "2025.03.21"]
[Round "4"]
[Board "5"]
[White "Stripling, Valentin"]
[Black "Swoboda, Sebastian"]
[Result "1-0"]
[WhiteElo "1694"]
[BlackElo "1720"]
[PlyCount "78"]
[GameId "528332225621"]
[SourceVersionDate "2025.02.08"]

{[%evp 20,78,14,5,67,34,21,11,0,9,0,0,25,12,19,5,31,27,88,47,54,64,53,54,129,134,129,116,121,105,92,94,190,84,122,106,153,153,463,322,372,254,264,103,228,172,203,187,393,398,413,320,353,308,458,527,474,518,362,591,661]} 1. e4 c5 2. Nf3 e6 3. d4 cxd4 4. c3 dxc3 5. Nxc3 a6 6. Bc4 Nc6 7. O-O d6 8. Qe2 Qc7 9. Bf4 Nf6 10. Rac1 Be7 11. Rfd1 {Weiß hat einen Bauern geopfert} e5 {[%eval 67,18] B21: Sizilianisch (Morra-Gambit 2.d4 und 2.f4).} (11... O-O $11 {[%eval 5,18]}) 12. Bg5 {Weiß steht deutlich aktiver. Die schwarzen Türme stehen passiv.} O-O 13. Bxf6 Bxf6 {Die Stellung ist ausgeglichen.} 14. Nd5 Qd8 15. h3 {Es drohte Lg4} Be7 $146 (15... Be6 16. Ne3 Nd4 17. Nxd4 exd4 18. Nc2 Rc8 19. Nxd4 {0-1 Kokesh,T (2014)-Hakobyan,S (1861) San Francisco Leighton Memorial 2015 (6)}) 16. a3 Be6 17. b4 Kh8 18. Qd2 f5 {[%eval 88,19]} (18... Kg8 $11 {[%eval 27,17] hält das Gleichgewicht.}) 19. exf5 {[%eval 47,19]} (19. Nxe7 $16 {[%eval 88,19]} Qxe7 20. Qxd6 Qxd6 21. Rxd6 Bxc4 22. Rxc4) 19... Bxf5 $14 20. Nxe7 {[%csl Od6][%mdl 64] Abzugsangriff} Qxe7 21. Qxd6 Rae8 {[%eval 129,21] [#]} (21... Qxd6 $14 {[%eval 54,20]} 22. Rxd6 Rac8) 22. Qxe7 $1 $16 Rxe7 {[#]} 23. Bd5 $1 Bd7 24. Ng5 h6 25. Ne4 a5 {[%eval 190,19]} (25... Be8 $16 {[%eval 94,19]}) 26. b5 {[%eval 84,20] Weiß spielt am Damenflügel und steht besser} (26. bxa5 $18 {[%eval 190,19][%cal Oa5a6] und Weiss behält klar die Oberhand. Schwarz muss nun a6! beachten.} Nxa5 27. Rc7) 26... Nd4 {...Se2+ soll folgen} 27. Rc7 $36 {[%mdl 2048] Weiss bestimmt, wo es lang geht.} (27. Bxb7 $2 Ne2+ (27... Nxb5 28. Rc5 $14) 28. Kh2 Nxc1 29. Rxc1 Bxb5 $19) 27... Rc8 {[%eval 153,22]} ({Besser ist} 27... Nxb5 {[%eval 106,18]} 28. Rxb7 Rd8) 28. Rxb7 {[%csl Ob5] Weiß hat eine Bauernmehrheit am Damenflügel. Weiß hat einen starken Freibauern} (28. b6 Rxc7 29. bxc7 Bc8) 28... g5 $2 {[%eval 463,19]} (28... Nxb5 $16 {[%eval 153,20]} 29. Be6 {[%mdl 64] Ablenkung} Rxe6 30. Rdxd7 Nc3) 29. a4 Rg7 30. Nf6 (30. Nd6 Rd8 31. Nf7+ Rxf7 $18) 30... Bf5 31. g4 $2 {[%eval 103,20]} (31. Re1 $18 {[%eval 264,19]}) 31... Bg6 {[%eval 228,19]} (31... Bc2 $16 {[%eval 103,20]} 32. Ra1 Ne2+ 33. Kf1 Nf4) 32. Kg2 (32. Nd7 Rd8 33. b6 (33. Bc6 Be8 $11) 33... Rgxd7 $15 (33... Rdxd7 34. Rxd7 {[%mdl 64] Verteidiger eliminieren} Rxd7 35. b7 $15)) 32... Rxb7 33. Bxb7 Rf8 {[%eval 393,21]} (33... Rc4 {[%eval 187,22]} 34. Bd5 Rxa4) 34. Nd7 $18 {[%csl LRe5,LRf8]} Re8 35. Re1 Re7 36. Nxe5 ({Und nicht} 36. Rxe5 Rxd7 37. Be4 Bxe4+ 38. Rxe4 Kg7 $17) 36... Rxb7 {[%eval 458,19]} (36... Kg7 {[%eval 308,20] ist wohl besser.} 37. Bc8 Be8) 37. Nxg6+ Kg7 38. Re7+ Rxe7 39. Nxe7 {Gewichteter Fehlerwert: Weiß=0.36/Schwarz=0.61} Kf6 {Verlustzug:     	---       	Schwarz=1     Gewinn verpasst:   	Weiß=1     	---        Fehler:       	Weiß=2     	Schwarz=7     Ungenau:       	Weiß=3     	Schwarz=1     OK:         	Weiß=4     	Schwarz=5     Bester:       	Weiß=5     	Schwarz=2     Stark:        	Weiß=2     	---} 1-0